zpět

Detail výsledku týmu

Wild Cock, Praha

Datum a čas kvízu

19 Celkem bodů Celkový počet nahraných bodů na tomto kvízu bez doplňovacích otázek.
2. Pořadí na kvízu Konečné umístění týmu na tomto kvízu.

Zaznamenané odpovědi

# Otázka Odpověď Body Výsledky
1. Europoslanci Pavel Telička a P... 0
2. Podle čínského kalendáře vstou... 0.5
3. Jak se jmenuje osmnáctiletá st... 0
4. Zatímco s robotickým vozítkem... 0
5. Martina Sáblíková šokovala sou... 0
6. O Venezuele se poslední dobou... 1
7. Důvodem, proč se o Venezuele m... 1
8. Díváme se na podobiznu bezespo... 0
9. Nejvyšší vodopád na světě najd... 0
10. Vzhledem k přírodním podmínkám... 1